Statistics for 10 Most Populous Countries in the Middle East

Click here to take the quiz!

General Stats

  • This quiz has been taken 589 times
    (549 since last reset)
  • The average score is 9 of 10

Answer Stats

PopulationCountry% Correct
79,603,000Iran
99%
36,787,000Iraq
99%
32,248,000Saudi Arabia
98%
78,741,053Turkey
95%
18,564,000Syria
95%
8,594,960Israel
93%
91,745,000Egypt
92%
27,478,000Yemen
92%
9,739,44Jordan
91%
9,856,000United Arab Emirates
89%

Score Distribution

Percentile by Number Answered

Percent of People with Each Score

Your Score History

You have not taken this quiz since the last reset